00565nam a2200157Ia 4500003000900000008004100009040001600050080001900066100002200085245018400107260005000291300001000341650001300351650001900364650002400383IN-BaIIA211028s9999 xx 000 0 eng d cIIA Library a331.225.6bGUP aGupta, Jayasankar 0aCommentary on the payment of gravity act 1972bwith rules notifications extracts of tax provisions relating to gratuitycJayasankar Gupta  aCalcuttabMansions Law Publishing Housec1973 a241p. agratuity aNASA thesaurus apayment of gratuity